Makers of Indian literature: (Record no. 164358)

MARC details
000 -LEADER
fixed length control field 00482nam a22001697a 4500
005 - DATE AND TIME OF LATEST TRANSACTION
control field 20190516155403.0
010 ## - LCCN (DPL NO)
LC control number B-085600
020 ## - INTERNATIONAL STANDARD BOOK NUMBER
International Standard Book Number 8126010711
Terms of availability 25.00
035 ## - SYSTEM CONTROL NUMBER
System control number B-085600
037 ## - SOURCE OF ACQUISITION
Source of stock number/acquisition Sahitya Akademi
082 ## - DEWEY DECIMAL CLASSIFICATION NUMBER
Classification number 873.092
100 ## - MAIN ENTRY--PERSONAL NAME
Personal name Ramachandran, C.N.
245 ## - TITLE STATEMENT
Title Makers of Indian literature:
Remainder of title K. Shivarama Karanth
Statement of responsibility, etc C.N. Ramachandran
260 ## - PUBLICATION, DISTRIBUTION, ETC. (IMPRINT)
Place of publication, distribution, etc New Delhi
Name of publisher, distributor, etc Sahitya Akademi
300 ## - PHYSICAL DESCRIPTION
Extent 129p.
Dimensions 22cm(pbk)
942 ## - ADDED ENTRY ELEMENTS (KOHA)
Source of classification or shelving scheme Dewey Decimal Classification
Item type English Books
Classification part 873.092
Call number suffix RAM
Holdings
Withdrawn status Lost status Not for loan Collection code Home library Current library Date acquired Full call number Barcode Koha item type
      Non-fiction Sarojini Nagar Sarojini Nagar 16/05/2019 873.092 RAM B-085600 English Books

© Delhi Public Library
Hit Counter
free hit counter